<?xml version="1.0" encoding="UTF-8"?>
<record
    xmlns:xsi="http://www.w3.org/2001/XMLSchema-instance"
    xsi:schemaLocation="http://www.loc.gov/MARC21/slim http://www.loc.gov/standards/marcxml/schema/MARC21slim.xsd"
    xmlns="http://www.loc.gov/MARC21/slim">

  <leader>01700nam a2200301 a 4500</leader>
  <controlfield tag="001">1447513</controlfield>
  <controlfield tag="003">OSt</controlfield>
  <controlfield tag="005">20230322162433.0</controlfield>
  <controlfield tag="008">140916s2013    sp     gr     00010 spa d</controlfield>
  <datafield tag="020" ind1=" " ind2=" ">
    <subfield code="a">9788427203518</subfield>
  </datafield>
  <datafield tag="040" ind1=" " ind2=" ">
    <subfield code="c">CO-MqBPB</subfield>
  </datafield>
  <datafield tag="041" ind1="1" ind2=" ">
    <subfield code="a">spa </subfield>
    <subfield code="h">eng</subfield>
  </datafield>
  <datafield tag="082" ind1="0" ind2="4">
    <subfield code="a">JN</subfield>
    <subfield code="b">BRAm</subfield>
  </datafield>
  <datafield tag="100" ind1="1" ind2=" ">
    <subfield code="a">Bracken, Alexandra, </subfield>
    <subfield code="d">1987-</subfield>
  </datafield>
  <datafield tag="245" ind1="1" ind2="0">
    <subfield code="a">Mentes poderosas / </subfield>
    <subfield code="c">Alexandra Bracken ; traducci&#xF3;n de Isabel Murillo.</subfield>
  </datafield>
  <datafield tag="260" ind1=" " ind2=" ">
    <subfield code="a">Barcelona : </subfield>
    <subfield code="b">RBA, </subfield>
    <subfield code="c">2013.</subfield>
  </datafield>
  <datafield tag="300" ind1=" " ind2=" ">
    <subfield code="a">475 p&#xE1;ginas ; </subfield>
    <subfield code="c">21 cm,</subfield>
    <subfield code="b">Tapa R&#xFA;stica.</subfield>
  </datafield>
  <datafield tag="490" ind1=" " ind2=" ">
    <subfield code="a">1a.edici&#xF3;n.</subfield>
  </datafield>
  <datafield tag="500" ind1=" " ind2=" ">
    <subfield code="a">El d&#xED;a de su d&#xE9;cimo cumplea&#xF1;os Ruby se despert&#xF3; y se dio cuenta de que algo hab&#xED;a cambiado. Algo tan estremecedor como para que sus padres la encerraran en el garaje, llamaran a la polic&#xED;a y acabaran traslad&#xE1;ndola a Thurmond, un brutal campo de refugiados del gobierno. Sin despedidas ni explicaciones, Ruby ha sido repudiada, evaluada, clasificada y encarcelada. Tal vez haya conseguido sobrevivir a la misteriosa enfermedad que ha acabado con la vida de la mayor&#xED;a de los ni&#xF1;os norteamericanos, pero ella y los dem&#xE1;s supervivientes han desarrollado algo que es mucho m&#xE1;s temido: unas mentes poderosas imposibles de controlar. Ahora, despu&#xE9;s de pasar seis a&#xF1;os encerrada, Ruby se ha convertido en uno de los elementos m&#xE1;s peligrosos... y finalmente, con diecis&#xE9;is a&#xF1;os, ha logrado huir</subfield>
  </datafield>
  <datafield tag="534" ind1=" " ind2=" ">
    <subfield code="p">T&#xED;tulo original : </subfield>
    <subfield code="t">The darkest minds.</subfield>
  </datafield>
  <datafield tag="650" ind1=" " ind2="4">
    <subfield code="a">Novela estadounidense.</subfield>
  </datafield>
  <datafield tag="650" ind1=" " ind2="4">
    <subfield code="a">Lo sobrenatural</subfield>
    <subfield code="v"> Novela.</subfield>
  </datafield>
  <datafield tag="650" ind1=" " ind2="4">
    <subfield code="a">Mujeres</subfield>
    <subfield code="v"> Novela.</subfield>
  </datafield>
  <datafield tag="650" ind1=" " ind2="4">
    <subfield code="a">Mente y cuerpo</subfield>
    <subfield code="v"> Novela.</subfield>
  </datafield>
  <datafield tag="700" ind1="1" ind2=" ">
    <subfield code="a">Murillo, Isabel, </subfield>
    <subfield code="e">traductora.</subfield>
  </datafield>
  <datafield tag="942" ind1=" " ind2=" ">
    <subfield code="2">ddc</subfield>
    <subfield code="c">BKLIT</subfield>
  </datafield>
  <datafield tag="949" ind1=" " ind2=" ">
    <subfield code="a">n                                   </subfield>
    <subfield code="b">n</subfield>
  </datafield>
  <datafield tag="999" ind1=" " ind2=" ">
    <subfield code="c">14857</subfield>
    <subfield code="d">14857</subfield>
  </datafield>
  <datafield tag="952" ind1=" " ind2=" ">
    <subfield code="0">0</subfield>
    <subfield code="1">0</subfield>
    <subfield code="2">ddc</subfield>
    <subfield code="4">0</subfield>
    <subfield code="7">0</subfield>
    <subfield code="8">LJ</subfield>
    <subfield code="a">BPMOS</subfield>
    <subfield code="b">BPMOS</subfield>
    <subfield code="c">FIC</subfield>
    <subfield code="d">2023-03-22</subfield>
    <subfield code="l">6</subfield>
    <subfield code="m">3</subfield>
    <subfield code="o">JN BRAm</subfield>
    <subfield code="p">MOS503086</subfield>
    <subfield code="r">2026-02-10</subfield>
    <subfield code="s">2026-01-22</subfield>
    <subfield code="t">Ej. 1</subfield>
    <subfield code="w">2023-03-22</subfield>
    <subfield code="y">BKLIT</subfield>
    <subfield code="z">Quince d&#xED;as</subfield>
  </datafield>
</record>
